000 01521nam a22002297a 4500
005 20210414114653.0
008 120717t xxu||||| |||| 00| 0 eng d
020 _a0072908017
050 _aQP34.5.V22
100 _aVander, Arthur
245 _aHuman physiology : the mechanisms of body function. /
_cArthur Vander, James Sherman and Dorothy Luciano
250 _a8th ed.
260 _aBoston:
_bMcGra-Hill,
_c2001.
300 _a xxxvii, 800 p. :
_bcol. ill. ;
_c29 cm.
500 _aIncludes answers, glossary, and index.
505 _aContents: A framework for human physiology Part One Basic cell functions: Chemical composition of the body -- Cell structure -- Protein activity and cellular metabolism --Genetic information and protein synthesis -- Movement of molecules across cell membranes -- Part Two Biological control systems: Homeostastic mechanisms ad cellular communication -- Neural control mechanisms -- The sensory systems -- Principles of hormonal control systems -- Muscle -- Control of body movement -- Consciousness and behavior -- Part Three Coordinated body functions: Circulation -- Respiration -- The kidneys and regulation of water and inorganic ions -- The digestion and absorption of food -- Regulation of organic metabolism, growth, and energy balance -- Reproduction -- Defense mechanisms of the body --
650 _aHuman physiology.
700 _aSherman, James
700 _aLuciano, Dorothy
856 _uhttp://www.mhhe.com/biosci/ap/vander8e
942 _2lcc
_cBK
999 _c7253
_d14753